000
00267nam a22001217a 4500
008
181207b xxu||||| |||| 00| 0 eng d
041
_a
eng
080
_a
510
100
_a
36
101
_a
MAT
245
_a
The Geometry of Incidence
_c
Dorwart, H.L
942
_2
udc
_c
BK
999
_c
53080
_d
53080